| 000 | 00510nam a22001577a 4500 | ||
|---|---|---|---|
| 003 | NUST | ||
| 038 | _aNusrat Nadeem | ||
| 082 | _a200 | ||
| 100 |
_aBano, Shaher _9129364 |
||
| 245 |
_aActive Analysis of Encrypted Traffic Flows for Application Fingerprinting/ _cShaher Bano, |
||
| 264 |
_aIslamabad: _bSEECS NUST. _c2025. |
||
| 650 |
_aMS- Information Security _927215 |
||
| 700 |
_aSupervisor: Dr. Mehdi Hussain _996690 |
||
| 856 | _u http://10.250.8.41:8080/xmlui/handle/123456789/53490 | ||
| 942 |
_2ddc _cSC |
||
| 999 |
_c614682 _d614682 |
||